Working with numbers: (Record no. 1834)
[ view plain ]
| 000 -LEADER | |
|---|---|
| fixed length control field | 00771nam a22002057a 4500 |
| 001 - CONTROL NUMBER | |
| control field | 1834 |
| 005 - DATE AND TIME OF LATEST TRANSACTION | |
| control field | 20250723123333.0 |
| 008 - FIXED-LENGTH DATA ELEMENTS--GENERAL INFORMATION | |
| fixed length control field | 130219b xxu||||| |||| 00| 0 eng d |
| 020 ## - INTERNATIONAL STANDARD BOOK NUMBER | |
| International Standard Book Number | 0811442411 |
| 040 ## - CATALOGING SOURCE | |
| Original cataloging agency | BSULIB |
| Transcribing agency | BSU |
| 082 ## - DEWEY DECIMAL CLASSIFICATION NUMBER | |
| Edition number | 21 |
| Classification number | 513SHE |
| 100 ## - MAIN ENTRY--PERSONAL NAME | |
| Personal name | Shea, James T. |
| 9 (RLIN) | 3848 |
| 245 ## - TITLE STATEMENT | |
| Title | Working with numbers: |
| Remainder of title | Algebra |
| Statement of responsibility, etc | James T. Shea |
| 260 ## - PUBLICATION, DISTRIBUTION, ETC. (IMPRINT) | |
| Place of publication, distribution, etc | Texas, USA |
| Name of publisher, distributor, etc | Steck-Vaughn Company |
| Date of publication, distribution, etc | 1990 |
| 300 ## - PHYSICAL DESCRIPTION | |
| Extent | 168p.: |
| Dimensions | 28cm |
| 505 ## - FORMATTED CONTENTS NOTE | |
| Formatted contents note | --Expressions and formulas --Integers and monomials --Solving equations --Exponents and polynomials --Graphs and systems of equations --Inequalities, squares and square roots, ratio and proportion --Fractoring and quadratic equations |
| 650 ## - SUBJECT ADDED ENTRY--TOPICAL TERM | |
| Source of heading or term | Mathematical Numbers |
| Topical term or geographic name as entry element | Algebra |
| 9 (RLIN) | 850 |
| 658 ## - INDEX TERM--CURRICULUM OBJECTIVE | |
| Main curriculum objective | Mathematics |
| 942 ## - ADDED ENTRY ELEMENTS (KOHA) | |
| Source of classification or shelving scheme | Dewey Decimal Classification |
| Item type | Books |
| Withdrawn status | Lost status | Source of classification or shelving scheme | Damaged status | Not for loan | Collection code | Home library | Current library | Shelving location | Date acquired | Source of acquisition | Inventory number | Total Checkouts | Full call number | Barcode | Date last seen | Copy number | Price effective from | Koha item type | Public note |
|---|---|---|---|---|---|---|---|---|---|---|---|---|---|---|---|---|---|---|---|
| Dewey Decimal Classification | Main Library | Main Library | Open Shelves | 19/02/2011 | Donation | 6818 | 513 SHE | bsu25071236 | 19/02/2013 | 001 | 19/02/2013 | Books | Material Available In Hardcopy |